01086nab a22002177a 4500003000400000005001700004008004100021040000700062100001900069245005900088260004200147300001100189500003700200505032000237505008900557650002000646650003000666650003500696650002000731773011700751OSt20260201172221.0190506c xxu||||| |||| 00| 0 spa d cPJ aOrtega, Inés10aDiscapacidad y acceso a la justicia /cInés Ortega.  aBuenos Aires :bAbeledoPerrot,c2023. ap. 3-9 aCita: TR LALEY AR/DOC/2031/2023  aSumario: I. Introducción.— II. Normativa internacional y nacional en materia de discapacidad.— III. Acceso a la justicia para personas con discapacidad (PcD).— IV. Lo que aún falta... Fallo "Barraza, Víctor Javier y otro c. Estado nacional y otro s/ ley 16.986" (expte. 10420/2020).— V. Conclusiones.  t¿Te interesa el texto completo? Comunicate al correo: koha@justierradelfuego.gov.ar 0aDERECHO LABORAL 0aPERSONAS CON DISCAPACIDAD 0aGARANTIAS CONSTITUCIONALES › 0aPODER JUDICIAL 0 02751dBuenos Aires : AbeledoPerrot, 2013-tRevista de derecho laboral y seguridad social. Nº 19 - Octubre 2023